000 01746nam a22003257a 4500
001 334
003 OSt
005 20260413075558.0
008 250328b |||||||e |||| 00| f eng d
040 _bpor
041 _heng
_apor
082 _a813
_bM531m
100 1 _aMelville, Herman,
_d1819-1891
_9492
240 _aMoby Dick or The Whale
245 _aMoby Dick /
_cMelville, Herman ; Tradução de Péricles Eugênio da Silva Ramos
260 _aSão Paulo
_bAbril
_c1972
300 _a668 p.
490 1 _aOs Imortais da Literatura Universal
520 _aNa cidade de New Bedford, em Massachusetts, o marinheiro Ismael conhece o arpoador Queequeg e, juntos, partem para a ilha de Nantucket em busca de trabalho no mercado de caça às baleias. Lá, eles embarcaram no baleeiro Pequod para uma viagem de três anos aos mares do sul. Entre eles, tripulantes de diversas nacionalidades: os imediatos Starbuck, Stubb e Flask; os arpoadores Tashtego e Daggoo, além de Acab, o sombrio capitão que ostenta uma enorme cicatriz do rosto ao pescoço e uma perna artificial, feita do osso de cachalote. Obcecado por encontrar a fera responsável por seus ferimentos e que nenhum arpoador jamais conseguiu abater - a temível "Moby Dick" -, o capitão Acab conduz o baleeiro e toda a sua tripulação por uma rota de perigos e incertezas.
650 0 _aLiteratura Americana
_984
650 0 _aAventura Marítima
_9689
650 0 _aCaça a baleias
_9690
650 0 _aHomem X Natureza
_9691
650 0 _aClássicos
_977
655 0 _aRomance
_923
655 0 _aFicção
_922
700 _aPéricles Eugênio da Silva Ramos
_d1919- 1992
_eTRADUTOR
_9692
830 _aOs Imortais da Literatura Universal
_9461
_vvol. 43
942 _2ddc
_n0
_cBK
999 _c334
_d334